Supreme court on rape trials: a manual of best practices of the supreme court (Record no. 493554)

000 -LEADER
fixed length control field 00371cam a22001217a 4500
008 - FIXED-LENGTH DATA ELEMENTS--GENERAL INFORMATION
fixed length control field 180718b2003 xxu||||| |||| 00| 0 eng d
082 ## - DEWEY DECIMAL CLASSIFICATION NUMBER
Classification number H221 B1
100 ## - MAIN ENTRY--PERSONAL NAME
Personal name Bhat, Aparna
245 ## - TITLE STATEMENT
Title Supreme court on rape trials: a manual of best practices of the supreme court
Statement of responsibility, etc. by Aparna Bhat
260 ## - PUBLICATION, DISTRIBUTION, ETC.
Place of publication, distribution, etc. New Delhi
Name of publisher, distributor, etc. Combat
Date of publication, distribution, etc. 2003
300 ## - PHYSICAL DESCRIPTION
Extent 304p.
650 ## - SUBJECT ADDED ENTRY--TOPICAL TERM
Topical term or geographic name entry element Rape --India --Cases
Holdings
Withdrawn status Lost status Damaged status Not for loan Permanent Location Current Location Date acquired Full call number Barcode Date last seen Price effective from Koha item type
        Indian Institute of Public Administration Indian Institute of Public Administration 2018-08-04 H221 B1 GR17959 2018-08-04 2018-08-04 GR

Powered by Koha